000 00479nam a2200181Ia 4500
001 1417
005 20260306143727.0
008 260306t2010||||xx |||||||||||||| ||spa||
041 _aESP
082 _a150
_bI61M
100 _aTalbot, Shawn
_eAUT
245 0 _aIntroducción a la psicología:
_bmapas conceptuales y repaso de conceptos duodésima edición
260 _c2010
300 _a75 páginas :
_c27 cm.
650 _aGEN
654 _aCPS
942 _cLIB
_dJUS
_fJUS
_2ddc
_n
999 _c1417
_d1417